00518nam a22001697a 450000500170000000800410001704000070005804100120006508200210007710000300009824500530012826000540018130000260023536500550026144000150031665000170033120241216165453.0241216b ||||| |||| 00| 0 eng d cAL aEnglish 223a348.04bCHAA aTejinder Pal Singh Chawla aAll India Criminal Law Reporter: Vol 116 2017(4) aChandigarhbAll India Criminal Law Reporterc2017 a959 p.bHBc24x16 cm. a1061b₹1723.00c₹d₹2360.29e27%f28-11-2024 aVolume 116 aCriminal law